| 000 | 00858ata a2200277 4500 | ||
|---|---|---|---|
| 005 | 20250819162558.0 | ||
| 008 | 150526b2012 xxu||||| |||| 00| 0 spa d | ||
| 020 | _a9789968591317 | ||
| 041 | _aESP | ||
| 082 | _a345 S161p | ||
| 100 |
_aSalazar Rodríguez, Luis Alfonso _933356 |
||
| 245 | _aPoder político y fenómenos de criminalización: estudio sobre el concepto de poder político "derivado" y "oculto" hacia una teoría sobre la génesis del delito y el delincuente | ||
| 260 | _aCosta Rica | ||
| 260 | _bISOLMA | ||
| 260 | _c2012 | ||
| 300 | _a219 páginas | ||
| 490 | _aInvestigación Criminal | ||
| 650 | _aCOSTA RICA | ||
| 650 | _aDERECHO PENAL | ||
| 650 | _aDELITOS POLÍTICOS | ||
| 650 | _aCULPA JURÍDICA | ||
| 650 | _aADMINISTRACIÓN DE LA JUSTICIA PENAL | ||
| 650 | _aDELITOS | ||
| 650 | _aDELINCUENTES | ||
| 942 |
_cBK _2ddc |
||
| 999 |
_c6009 _d6009 |
||